Lyric quiz 2000s onwards - easy - Statistics

General Stats
  • This quiz has been taken 11 times
  • The average score is 5 of 15
Answer Stats
Hint Answer % Correct
You know you’re gonna wake up in his bed in the morning, and if you’re under him, you aint getting over him New rules
70%
But i dont wanna live that way, reading into every word you say, you said that you could let it go Somebody that I used to know
60%
Get to the club in my taxi cab, everybody’s looking at me now, like “who’s that chick that’s rockin’ kicks” Party in the USA
50%
You coulda had a bad b*tch, non-committal, help you with your career, just a little Truth hurts
50%
Buns out, wiener, but I gotta keep an eye for Selena Beauty and a beat
40%
You’re watching your back like you cant relax, you’re trying to be cool, you look like a fool to me Complicated
30%
Do you know what just started? I just came here to party, but now we’re rocking on the dance floor actin’ naughty Dont stop the music
30%
I heard that you were talking sh*t and you didnt think that i would hear it, people hear you talking like that getting everybody fired up Hollaback girl
30%
I’d put myself first, and make the rules as i go, ‘cause I know that she’d be faithful waiting for me to come home If i were a boy
30%
I’ve been waiting patiently for him to come and get it, i wonder if he knows that he can say it and im with it Push the button
30%
Oh looks like another club banger, they better hang on when they throw this thang on Smack that
20%
That’s when we disappear and you need GPS to find her, oh that was your girl? I thought i recognised her Bedrock
10%
Yo, it goes on and on, I see you get excited like “this is my song” Dance wiv me
10%
See never did i think, a boy like me, would be in need, when all i really wanted was to have some fun Number 1
10%
I dont ever want to drink again, i just, oooh i just need a friend Rehab
0%
No matching quizzes found
Score Distribution
Percent of People with Each Score
Percentile by Number Answered
Your Score History
You have not taken this quiz